00813cam a2200193 a 450000100100000000500170001000800410002704000250006808200180009310000340011124500670014526000530021230000210026565000320028661000460031895201160036495201220048099900170060200001297520200929163119.0890429s1976 ve 000 0bspa  aDO-SdBNPbspadBNPHU a365.33bF825c1 aFranco, Yon Calletano.92991710aCárcel Modelo :bmáxima seguridad /cYon Calletano Franco. aCaracas, Venezuela :bGarbizu & Todtmann,c1976. a222 p. ;c19 cm. 4aPrisioneszVenezuela92991820aCarcel Modelo (Caracas, Venezuela)929919 001050718MOaGRbGRcHDd2009-11-18iLF1l0o365.33 F825cp12975-10r2020-06-25w2020-06-25y1ZNo se presta 001150718MOaGRbGRcMId2017-05-26iLF1l0o365.33 F825cp12975-20r2020-06-25te. 2w2020-06-25y1ZNo se presta c12622d12622